01002nam a2200277Ia 450000100060000000300090000600800410001504000130005604000130006904100130008210000160009510000290011124200930014024200330023324200080026624500740027424500740034825000110042226000100043326000100044326000490045330000430050250001230054565000250066865000310069313084IT-RoPAU130308s9999 xx 000 0 und d aIT-RoPAU cIT-RoPAU aFRANCESE aSperber Dan gCodice Aut. SPICS: 1082 aCHE COS'E' LO STRUTTURALISMO?-LINGUISTICA, POETICA, ANTROPOLOGIA, PSICANALISI, FILOSOFIA nCod. Traduzione Titolo: 2123 yITA aQu'est-ce que le structuralisme?-3-Le structuralisme en anthropologie bQu'Est-Ce Que le Structuralisme?-3-Le Structuralisme En Anthropologie a2a ed. aPARIS bSeuil c1973 [1° Ed.:1968 - Ed.Ling.Originale:1968] a"126 p. (prefazione: no ; testo: 126)" aStrutturalismo in Antropologia Alleanze Matrimoniali Miti sistemi e Modelli di Comunicazione strutture e Spirito Umano aSAGGI DI LINGUISTICA eCodice materia Spics: 3207